000
00312 a2200145 4500
001
194768
040
_c
Magnum
100
_a
Lopes, Teresa
240
1
0
_a
Histórias que acabam aqui
_l
por
245
1
0
_a
Histórias que acabam aqui
300
_a
31
362
0
_a
2005
697
_a
LITERATURA GERAL
942
_c
BK
999
_c
194768
_d
194768